00615 2200205 4500001002100000008004100021035002000062245008100082100001900163260004000182300003100222020002200253084001600275520002700291520002400318082001000342650003300352990001200385990001200397INLIS000000000015223 ind  a0010-1222000302 aHos. Tjokroaminoto: Sang Raja Tanpa MahkotacRohmat Kurnia;editor; Fina Insi aROHMAT, Kurnia aJakarta :bBee Media Pustaka,c2022 aiii,66 hlm.: ilus.c21 cm. a978-602-6227-08-9 a920.1 ROH h aBibliografi.:hlm 65-66 aglosarium,hlm 63-64 a920.1 aBIOGRAFI, HOS. TJOKROAMINOTO a10036 a a10036 b